Word Ladder: 16 Rungs a-Solving Quiz Stats

 Plays Quiz Updated Dec 24, 2011

Support Sporcle.
Go Orange.
Score 0/16 Timer 02:00
1 Play Today
Clue 4-Letter Word % Correct
♪ Chestnuts roasting on an open _____★ FIRE ★
99.2%
Number of gifts a naughty child may get from SantaNONE
92.3%
♪ Jack Frost nipping at your _____★ NOSE ★
91.9%
Number of ladies dancing in a popular carolNINE
91.5%
Month six months before (and after) DecemberJUNE
90%
♪ Yuletide carols being _____ by a choir ♪★ SUNG ★
88.8%
Descriptor of a luxurious Christmas meal or a gift made of goldFINE
83.2%
What the baby Jesus would later [grow up and] die to remove from the worldSINS
81.2%
Clue 4-Letter Word % Correct
Slang name for the diner fixture that can play all your favorite holiday tunesJUKE
79.3%
♪ And folks dressed up _____ eskimos ♪★ LIKE ★
78.9%
White wine brand named after a Swiss psychologist: Carl _____JUNG
78.6%
Phoenix pro basketball team that starts their season in DecemberSUNS
77.8%
''What do Santa's helpers learn in school? The elf-abet!'', for exampleJOKE
76%
Feliciano famous for ''Feliz Navidad''JOSÉ
76%
Queue in a department store for purchasing giftsLINE
72%
Type of wave oscillated from handbells, or anything musical for that matterSINE
63.4%

Today's Daily Dose

You're not logged in!

Compare scores with friends on all Sporcle quizzes.
OR
Log In

From the Vault

Constant Consonants 'W' to 'Z'

by caramba

Last letters in the alphabet, first in our hearts.
Remove Ads.
Support Sporcle.
Get the best of Sporcle when you Go Orange. This ad-free experience offers more features, more stats, and more fun while also helping to support Sporcle. Thank you for becoming a member.

Show Comments

Extras

Top Quizzes Today


Score Distribution

Your Account Isn't Verified!

In order to create a playlist on Sporcle, you need to verify the email address you used during registration. Go to your Sporcle Settings to finish the process.

Report this User

Report this user for behavior that violates our Community Guidelines.

Details: